Gala 3 OT2017 - Estadísticas

Estadísticas generales
  • Esta prueba ha sido intentada 29 veces
  • La puntuación promedio es 6 de 9
Estadísticas de respuestas
Imagen Hint Respuesta % Correcto
Aitana Issues
92%
Marina y Cepeda Complicidad
84%
Thalía y Miriam Euphoria
84%
Alfred y Amaia City of Stars
80%
Nominados Roi y Juan Antonio
72%
Mireya y Raoul La quiero a morir
48%
Ana Guerra y Nerea Cuídate
32%
Ricky y Agoney Mientes
32%
Grupal I'm still standing
28%
No se encontraron pruebas coincidentes
Distribución de puntuación
Porcentaje de gente con cada puntuación
Porcentaje por número respondido
Historial de tus puntuaciones
No has intentado esta prueba.